Những bài thơ hay trong văn chương Việt Nam

Giới thiệu những bài thơ hay trong văn chương Việt Nam ở 2 thế kỷ XIX và XX: Truyện Kiều (Nguyễn Du), Tự tình (Hồ Xuân Hương), uống rượu tiêu sầu (Cao Bá Quát), trận gió thu phong (Tản Đà), thề non nước (Tản Đà), nhớ rừng (Thế Lữ), đêm...

ver descrição completa

Na minha lista:
Detalhes bibliográficos
Autor principal: Nguyễn, Quang Trứ
Formato: Livro
Idioma:Undetermined
Publicado em: Hà Nội Thanh Niên 2000
Assuntos:
Tags: Adicionar Tag
Sem tags, seja o primeiro a adicionar uma tag!
Thư viện lưu trữ: Trung tâm Học liệu Trường Đại học Cần Thơ
LEADER 01095nam a2200229Ia 4500
001 CTU_39258
008 210402s9999 xx 000 0 und d
020 |c 22000 
082 |a 809 
082 |b L104/T.1 
100 |a Nguyễn, Quang Trứ 
245 0 |a Những bài thơ hay trong văn chương Việt Nam 
245 0 |c Nguyễn Quang Trứ 
260 |a Hà Nội 
260 |b Thanh Niên 
260 |c 2000 
520 |a Giới thiệu những bài thơ hay trong văn chương Việt Nam ở 2 thế kỷ XIX và XX: Truyện Kiều (Nguyễn Du), Tự tình (Hồ Xuân Hương), uống rượu tiêu sầu (Cao Bá Quát), trận gió thu phong (Tản Đà), thề non nước (Tản Đà), nhớ rừng (Thế Lữ), đêm xuân cầu nguyện (Hàn Mạc Tử). 
650 |a Vietnamese literature,Vietnamese poetry 
650 |x History and criticism,Collections 
650 |y 20th century 
904 |i Q. Hiếu (sửa) 
980 |a Trung tâm Học liệu Trường Đại học Cần Thơ